000 01230nam a22002777a 4500
001 1082
005 20250904082052.0
020 _a9789995054939
040 _aFISKH
_beng
_cFISKH
_dFISKH
082 _a611.9
100 _aDary, Heng
245 _aសៀវភៅរូបភាពដងខ្លួន /
246 _aPicture book the body
250 _a11th Published August, 2022.
260 _aPhnom Penh :
_bSipar,
_c2022.
300 _a23 unnumbered pages :
_bcolor illustrations ;
_c20 x ​21 cm.
505 _aG
520 _aសៀវភៅនេះរៀបរាប់អំពីអវៈយវៈនៅលើដងខ្លួនរបស់កុមារ ជាមួយនឹងការកំសាន្ត និងការធ្វើសកម្មភាពផ្សេងៗ។​
520 _aBody parts of children are described in this book with pictures of children playing and performing various activities.
521 _a350
_bLexile estimate
521 _aG
_bRaz-Plus
650 _aរូបភាព
_vដងខ្លួន
_2សកម្មភាព
650 _aPictures
_vBody part
_2Various activities
700 _aVisal, Seng
_cillustrator
942 _2ddc
_cBK
_n0
999 _c1082
_d1082